000 00544ntaaa2200193 4500
003 01
005 20251027203032.0
008 0714s1973 ag 01
040 _aAR-BaBN
_bspa
_cAR-BaBN
_eaacr
_dRIC
082 _a927.0000 V82
100 _aVisser't Hooft, W. A
_911757
245 _aRembrandt y la Biblia
250 _a1 ed.
260 _aBuenos Aires :
_bAurora,
_c1955
300 _a93 p ;
_clams
500 _aBiografía de Rembrandt y la influencia que la Biblia ejerció sobre él
650 _aBiografia-Rembrandt
_931389
942 _cBK
999 _c25708
_d25708